000 00523nam a2200181Ia 4500
005 20221220100045.0
008 131103s9999 xx 000 0 und d
040 _aLoreto College
041 _aEnglish
082 _a822.08
_bGOL
245 _aMentor masterwork of modern drama
_b five plays
_cEdited by Richard H. Goldstone
260 _aNew York
_bMentor Book
_c1969
300 _a478p.
650 _aEnglish drama - Collections - 1900-1999
700 _aGoldstone, Richard H.; ed.
850 _aLCLIB
942 _cBK
999 _c21650
_d72129